000
00439nam a2200145Ia 4500
008
151213s9999 xx 000 0 und d
100
_a
আহমদ শরীফ।
245
_a
কালিক ভাবনা
_c
আহমদ শরীফ।
260
_a
ঢাকা
_b
মুক্ত ধারা।
_c
1947
300
_a
8709 p.
650
_a
Bangla
650
_a
গল্প
700
_a
আহমদ শরীফ।
999
_c
4495
_d
4495